<?xml version="1.0" encoding="UTF-8"?>
<collection xmlns="http://www.loc.gov/MARC21/slim">
    <record>
        <controlfield tag="001">58578</controlfield>
        <controlfield tag="005">20170831220641.0</controlfield>
        <datafield tag="037" ind1=" " ind2=" ">
            <subfield code="a">TAZ-TFM-2016-1193</subfield>
        </datafield>
        <datafield tag="041" ind1=" " ind2=" ">
            <subfield code="a">spa</subfield>
        </datafield>
        <datafield tag="100" ind1="1" ind2=" ">
            <subfield code="a">Orduna Izquierdo, Alejandro</subfield>
        </datafield>
        <datafield tag="242" ind1="0" ind2="0">
            <subfield code="a">From the revolution to the participation: the Communist Movement of Spain (MCE) in Aragon at the end of Franco dictatorship (1971-1977)</subfield>
        </datafield>
        <datafield tag="245" ind1="0" ind2="0">
            <subfield code="a">De la revolución a la participación: el MCE en Aragón durante el final de la dictadura (1971-1977)</subfield>
        </datafield>
        <datafield tag="260" ind1=" " ind2=" ">
            <subfield code="a">Zaragoza</subfield>
            <subfield code="b">Universidad de Zaragoza</subfield>
            <subfield code="c">2016</subfield>
        </datafield>
        <datafield tag="506" ind1=" " ind2=" ">
            <subfield code="a">by-nc-sa</subfield>
            <subfield code="b">Creative Commons</subfield>
            <subfield code="c">3.0</subfield>
            <subfield code="u">http://creativecommons.org/licenses/by-nc-sa/3.0/</subfield>
        </datafield>
        <datafield tag="520" ind1=" " ind2=" ">
            <subfield code="a">En los años setenta, una parte de quienes decidieron implicarse de manera activa en la lucha contra la dictadura franquista optaron por engrosar el fragmentado espacio político situado a la izquierda del PCE. Se trataron de iniciativas muy diversas en cuanto a origen, referencias ideológicas y capacidad de actuación, pero todas ellas compartían la voluntad de impulsar un cambio revolucionario que derrocara al régimen y superara al capitalismo. El presente Trabajo Fin de Máster, ha pretendido aproximarse a la experiencia del Movimiento Comunista de España (MCE) en Aragón con el objetivo de comprender las lógicas y los procesos que sustentaron sus presupuestos políticos e ideológicos, pero también sus métodos y las dinámicas internas de su funcionamiento. En este sentido, la implicación de sus militantes en los movimientos sociales, a través de los Comités de Estudiantes Revolucionarios de Zaragoza (CERZ), de las Comisiones Obreras y de las asociaciones vecinales y feministas, resultó determinante para extender y politizar la protesta social que impidió la continuidad del régimen tras la muerte de Franco y ayudó a construir una cultura política más participativa que la defendida por los sectores reformistas.</subfield>
        </datafield>
        <datafield tag="521" ind1=" " ind2=" ">
            <subfield code="a">Máster Universitario en Historia Contemporánea</subfield>
        </datafield>
        <datafield tag="540" ind1=" " ind2=" ">
            <subfield code="a">Derechos regulados por licencia Creative Commons</subfield>
        </datafield>
        <datafield tag="700" ind1=" " ind2=" ">
            <subfield code="a">Sabio Alcutén, Alberto</subfield>
            <subfield code="e">dir.</subfield>
        </datafield>
        <datafield tag="710" ind1="2" ind2=" ">
            <subfield code="a">Universidad de Zaragoza</subfield>
            <subfield code="b">Historia Moderna y Contemporánea</subfield>
            <subfield code="c">Historia Contemporánea</subfield>
        </datafield>
        <datafield tag="856" ind1="0" ind2=" ">
            <subfield code="f">577316@celes.unizar.es</subfield>
        </datafield>
        <datafield tag="856" ind1="4" ind2=" ">
            <subfield code="s">1622580</subfield>
            <subfield code="u">http://zaguan.unizar.es/record/58578/files/TAZ-TFM-2016-1193.pdf</subfield>
            <subfield code="y">Memoria (spa)</subfield>
        </datafield>
        <datafield tag="909" ind1="C" ind2="O">
            <subfield code="o">oai:zaguan.unizar.es:58578</subfield>
            <subfield code="p">driver</subfield>
            <subfield code="p">trabajos-fin-master</subfield>
        </datafield>
        <datafield tag="950" ind1=" " ind2=" ">
            <subfield code="a"></subfield>
        </datafield>
        <datafield tag="951" ind1=" " ind2=" ">
            <subfield code="a">deposita:2017-01-26</subfield>
        </datafield>
        <datafield tag="980" ind1=" " ind2=" ">
            <subfield code="a">TAZ</subfield>
            <subfield code="b">TFM</subfield>
            <subfield code="c">FFYL</subfield>
        </datafield>
    </record>

    
</collection>